Перспективы освоения арктического шельфа; Творчество юных - шаг в успешное будущее

Detalhes bibliográficos
Parent link:Творчество юных - шаг в успешное будущее.— 2016.— [С. 138-140]
Autor principal: Трушко А. С.
Autor Corporativo: Национальный исследовательский Томский политехнический университет (ТПУ) Институт природных ресурсов (ИПР) Кафедра геологии и разработки нефтяных месторождений (ГРНМ)
Outros Autores: Дозморов П. С. Павел Сергеевич (научный руководитель)
Resumo:Заглавие с титульного экрана
Idioma:russo
Publicado em: 2016
Colecção:Природные ресурсы Арктики и их освоение
Assuntos:
Acesso em linha:http://earchive.tpu.ru/handle/11683/36843
Formato: Recurso Electrónico Capítulo de Livro
KOHA link:https://koha.lib.tpu.ru/cgi-bin/koha/opac-detail.pl?biblionumber=621938

MARC

LEADER 00000naa2a2200000 4500
001 621938
005 20231101133203.0
035 |a (RuTPU)RU\TPU\conf\20586 
035 |a RU\TPU\conf\20585 
090 |a 621938 
100 |a 20170131d2016 k y0rusy50 ca 
101 0 |a rus 
102 |a RU 
105 |a y z 101zy 
135 |a drgn ---uucaa 
181 0 |a i  
182 0 |a b 
200 1 |a Перспективы освоения арктического шельфа  |f А. С. Трушко  |g науч. рук. П. С. Дозморов 
203 |a Текст  |c электронный 
225 1 |a Природные ресурсы Арктики и их освоение 
230 |a 1 компьютерный файл (pdf; 1130 Kb) 
300 |a Заглавие с титульного экрана 
320 |a [Библиогр.: с. 140 (4 назв.)] 
463 1 |0 (RuTPU)RU\TPU\conf\20537  |t Творчество юных - шаг в успешное будущее  |o Арктика и её освоение  |o материалы IX Всероссийской научной молодежной конференции с международным участием с элементами научной школы имени профессора М.К. Коровина, г. Томск, 10-14 октября 2016 г.  |f Национальный исследовательский Томский политехнический университет (ТПУ) ; под ред. А. Ю. Дмитриева  |v [С. 138-140]  |d 2016 
610 1 |a труды учёных ТПУ 
610 1 |a электронные ресурсы 
610 1 |a Арктика 
610 1 |a месторождения углеводородов 
610 1 |a программы развития 
610 1 |a северные территории 
610 1 |a шельфы 
700 1 |a Трушко  |b А. С. 
702 1 |a Дозморов  |b П. С.  |c специалист в области нефтегазового дела  |c аспирант Томского политехнического университета  |f 1988-  |g Павел Сергеевич  |2 stltpush  |4 727 
712 0 2 |a Национальный исследовательский Томский политехнический университет (ТПУ)  |b Институт природных ресурсов (ИПР)  |b Кафедра геологии и разработки нефтяных месторождений (ГРНМ)  |h 258  |2 stltpush  |3 (RuTPU)RU\TPU\col\18657 
801 2 |a RU  |b 63413507  |c 20170210  |g RCR 
856 4 |u http://earchive.tpu.ru/handle/11683/36843 
942 |c BK